000 00196nmm a2200085Ia 4500
008 220120s9999||||xx |||||||||||||||||und||
100 _aEFY
245 0 _aFedora electronic laboratory
260 _c2008
999 _c138588
_d138588